000 00573nam a22001817a 4500
005 20251108164823.0
008 250721s1995 xx 000 0 ara d
082 1 4 _a811.95662/للو
100 1 _aاللوزي، حسن أحمد
245 1 0 _aغيمات الروح و حريق الجسد :
_bمختارات شعرية /
264 1 _aعمان :
_bدار الشروق للنشر و التوزيع،
_c1995.
300 _a174ص.
650 1 7 _aالشعر العربي
650 1 7 _aالعصر الحديث
650 1 7 _aاليمن
942 _2ddc
_cBK
999 _c15155
_d15155